Statistics for Best Fridge Manufacturing Brands in the World

Click here to take the quiz!

General Stats

  • This quiz has been taken 40 times
  • The average score is 4 of 10

Answer Stats

HintAnswer% Correct
#1Samsung
79%
#2LG
71%
#3Whirlpool
53%
#5General Electronics
47%
#6Panasonic
32%
#4Electrolux
26%
#7Sub Zero Freezer Company
18%
#9Hitachi
15%
#10Viking
6%
#8Videocon
3%

Score Distribution

Percentile by Number Answered

Percent of People with Each Score

Your Score History

You have not taken this quiz